Normal view
MARC view
- Dr. M Sivaswami (Guide)
Entry Personal Name
001 - CONTROL NUMBER
- control field: 3547
003 - CONTROL NUMBER IDENTIFIER
- control field: OSt
005 - DATE AND TIME OF LATEST TRANSACTION
- control field: 20181004135937.0
008 - FIXED-LENGTH DATA ELEMENTS
- fixed length control field: 181004|| aca||aabn | a|a d
040 ## - CATALOGING SOURCE
- Original cataloging agency: OSt
- Transcribing agency: OSt
100 ## - HEADING--PERSONAL NAME
- Personal name: Dr. M Sivaswami (Guide)
670 ## - SOURCE DATA FOUND
- Source citation: Work cat.: (OSt)15032: AJITH KUMAR P. S GIRISH GOPALAN 3546, Applicability evaluation of ASIA miniteller with diesel engine at high range zone of Kerala
